00595nam a2200157Ia 4500008004100000100002400041245008300065245004800148260005300196260000900249300001100258650001500269856006100284999001900345952007300364170221s9999 xx 000 0 und d aZarina B. Shamsudin 4aThe Safety Level Satisfaction towards Gated and Guarded Community in Malaysia  cZarina B. Shamsudin, E. Y. Ying, A. J. Omar bInternational Review of Management and Marketing c2016 a6 : 7S xMarketing. uhttp://www.econjournals.com/index.php/irmm/issue/view/91 c308598d308598 001040aCLbCLd2017-02-21l0r2017-02-21 00:00:00w2017-02-21yFOJ